Tesoro escondido de todos los más famosos romances, así antiguos como modernos del Cid (Record no. 129301)

MARC details
000 -LEADER
campo de control de longitud fija 00985nam a2200229 i 4500
001 - NÚMERO DE CONTROL
campo de control 129301
003 - IDENTIFICADOR DE NÚMERO DE CONTROL
campo de control ES-MaACL
005 - FECHA Y HORA DE LA ÚLTIMA TRANSACCIÓN
campo de control 20251009181746.0
007 - CAMPO FIJO DE DESCRIPCIÓN FÍSICA--INFORMACIÓN GENERAL
campo de control de longitud fija t|
008 - DATOS DE LONGITUD FIJA--INFORMACIÓN GENERAL
campo de control de longitud fija 070612s1952 sp ||||1| spa d
080 ## - NÚMERO DE LA CLASIFICACIÓN DECIMAL UNIVERSAL
Número de la Clasificación Decimal Universal 86-131(082)
245 00 - MENCIÓN DEL TÍTULO
Título Tesoro escondido de todos los más famosos romances, así antiguos como modernos del Cid
Resto del título : va a la fin en seis romances la historia de los siete infantes de Lara (Barcelona 1626) /
Mención de responsabilidad, etc. Francisco Metge ; [noticia preliminar por Antonio Pérez Gómez].
260 ## - PUBLICACIÓN, DISTRIBUCIÓN, ETC.
Lugar de publicación, distribución, etc. Valencia :
Nombre del editor, distribuidor, etc. La fonte que mana y corre,
Fecha de publicación, distribución, etc. 1952.
300 ## - DESCRIPCIÓN FÍSICA
Extensión 148 p. ;
Dimensiones 18 cm.
490 1# - MENCIÓN DE SERIE
Mención de serie Colección Duque y Marqués. Opúsculos literarios rarísimos ;
Designación de volumen o secuencia 1
500 ## - NOTA GENERAL
Nota general El prologista consta en la pág. 7.
700 1# - ENTRADA AGREGADA--NOMBRE PERSONAL
Nombre de persona Metge, Francisco.
9 (RLIN) 80727
700 0# - ENTRADA AGREGADA--NOMBRE PERSONAL
Nombre de persona Pérez y Gómez, Antonio,
Fechas asociadas al nombre 1902-1976
9 (RLIN) 91216
830 0# - PUNTO DE ACCESO ADICIONAL DE SERIE-TÍTULO UNIFORME
Título uniforme Colección Duque y Marqués. Opúsculos literarios rarísimos ;
Designación de volumen o secuencia 1
9 (RLIN) 193138
852 ## - LOCALIZACIÓN
Ubicación ES-MaACL
Número de control de estantería E-14288
Holdings
Estatus retirado Estado de pérdida Estado de daño No para préstamo Biblioteca de origen Biblioteca actual Ubicación en estantería Fecha de adquisición Fuente de adquisición Total de préstamos Signatura topográfica completa Código de barras Visto por última vez Precio de reemplazo Tipo de ítem Koha
        Biblioteca del Ateneo de Madrid Biblioteca del Ateneo de Madrid Depósito 2 17/01/2008     E-14288 1134651 23/02/2023 23/02/2023 Libro impreso